[Event "Goch op 15th"]
[Site "Goch"]
[Date "2004.10.01"]
[Round "3"]
[White "Bieker, Peter"]
[Black "Stefkovic, Martin"]
[Result "0-1"]
[WhiteElo "1070"]
[BlackElo "2049"]
[PlyCount "66"]
[EventDate "2004.09.30"]
[EventType "swiss"]
[EventRounds "7"]
[EventCountry "GER"]
[SourceTitle "EXT 2006"]
[Source "ChessBase"]
[SourceDate "2005.11.24"]
[SourceVersion "1"]
[SourceVersionDate "2005.11.24"]
[SourceQuality "1"]

1. d4 d5 2. Nf3 Nf6 3. e3 g6 4. Bd3 Bg7 5. 0-0 0-0 6. Nbd2 Bg4 7. Re1 Nc6 8. e4 Nxd4 9. c3 Nxf3+ 10. Nxf3 dxe4 11. h3 Bxf3 12. gxf3 exd3 13. Re3 d2 14. Bxd2 Qd7 15. Kg2 Rad8 16. Re2 Nh5 17. Qb3 b6 18. Rae1 e6 19. Bg5 Bf6 20. Bxf6 Nxf6 21. h4 Nd5 22. Re4 Qd6 23. Kf1 c6 24. Rd1 Ne3+ 25. fxe3 Qxd1+ 26. Qxd1 Rxd1+ 27. Ke2 Rfd8 28. Rd4 R8xd4 29. exd4 Rb1 30. b4 Rb2+ 31. Ke3 Rxa2 32. Ke4 Kf8 33. Ke5 Ke7 0-1

[Event "Goch op 14th"]
[Site "Goch"]
[Date "2003.??.??"]
[Round "2"]
[White "Langrock, Hannes"]
[Black "Stefkovic, Martin"]
[Result "1-0"]
[WhiteElo "2325"]
[BlackElo "2065"]
[PlyCount "137"]
[EventDate "2003.10.02"]
[EventType "swiss"]
[EventRounds "7"]
[EventCountry "GER"]
[SourceTitle "EXT 2006"]
[Source "ChessBase"]
[SourceDate "2005.11.24"]
[SourceVersion "1"]
[SourceVersionDate "2005.11.24"]
[SourceQuality "1"]

1. e4 c5 2. d4 cxd4 3. c3 d3 4. Bxd3 Nc6 5. Nf3 g6 6. c4 Bg7 7. 0-0 d6 8. h3 Nf6 9. Nc3 0-0 10. Be3 Nd7 11. Rc1 Nde5 12. Nxe5 Nxe5 13. Be2 Bd7 14. Qd2 Bc6 15. Bg5 Nd7 16. Nd5 Bxd5 17. exd5 b6 18. Rfe1 Nf6 19. Bd1 Rc8 20. Ba4 Rc7 21. Qe3 Kh8 22. Bc6 Ng8 23. b4 Qc8 24. b5 f6 25. Bf4 g5 26. Bh2 g4 27. hxg4 Qxg4 28. Qf4 Qxf4 29. Bxf4 Bh6 30. Be3 Kg7 31. a4 Bxe3 32. Rxe3 f5 33. a5 f4 34. Ra3 Nf6 35. axb6 axb6 36. Rca1 Ne4 37. Ra7 Rxa7 38. Rxa7 Kf6 39. f3 Nc5 40. Kf2 Rg8 41. Ra1 h5 42. Kg1 h4 43. Kh2 Nd3 44. Bd7 Ne5 45. Be6 Rb8 46. Ra7 Nxc4 47. Ra4 Ne5 48. Rxf4+ Kg5 49. Rf5+ Kg6 50. Kh3 Rh8 51. f4 Nd3 52. Kg4 Nf2+ 53. Kf3 h3 54. Rg5+ Kf6 55. gxh3 Nd3 56. Rf5+ Kg6 57. Rg5+ Kf6 58. Kg3 Nc5 59. Rf5+ Kg6 60. Rf7 Nxe6 61. dxe6 Re8 62. Kg4 d5 63. f5+ Kh6 64. Kf4 d4 65. Ke4 Rd8 66. Rxe7 d3 67. Rd7 Re8 68. Rxd3 Kg5 69. Ke5 1-0